| 000 | 01585nam a2200325 i 4500 | ||
|---|---|---|---|
| 001 | 163039 | ||
| 003 | ES-MaACL | ||
| 005 | 20251015150312.0 | ||
| 008 | 931025s1786 sp a |||| | spa d | ||
| 080 | _a614 | ||
| 110 | 2 |
_aReal Academia de la Historia (España) _96309 |
|
| 245 | 1 | 0 | _aInforme dado al Consejo por la Real Academia de la Historia en 10 de junio de 1783 sobre la disciplina eclesiástica antigua y moderna relativa al lugar de las sepulturas. |
| 260 |
_aEn Madrid : _ben la oficina de Antonio de Sancha, impresor de la Academia, _c1786. |
||
| 300 |
_a[2], LXI, [1] en bl., [1], [1] en bl., 103, [1], VIII p., [3] h. de lám. pleg. ; _c8º (19 cm) |
||
| 530 | _aDisponible en formato digital. | ||
| 593 | _aObra atribuida a Jovellanos y a Mateos Murillo, por Aguilar Piñal. | ||
| 597 | _aSign.: a-d8, A-F8, G. | ||
| 597 | _aPortada con emblema xilográfico de la Real Academia. | ||
| 599 | _aLám.: grab. calc.: "Delineado por Dámaso Santos Martínez. Grabado por Manuel Rodz" | ||
| 650 | 4 |
_aCementerios- _zEspaña. _9135747 |
|
| 650 | 4 |
_aSalud pública- _zEspaña- _yS.XVIII. _916975 |
|
| 700 | 1 |
_aJovellanos, Gaspar Melchor de, _d1744-1811 _9222580 |
|
| 700 | 1 |
_aMateos Murillo, Antonio. _9151178 |
|
| 700 | 1 |
_aSantos Martínez, Dámaso, _dfl. 1786 _9151179 |
|
| 700 | 1 |
_aRodríguez, Manuel Mariano, _d1729-1802 _9151180 |
|
| 852 | 4 |
_aES-MaACL _jR-382 _z- Enc. hol. _x Olim: C-3434 |
|
| 852 | 4 |
_aES-MaACL _jT-5-F-4 |
|
| 856 | 4 |
_uhttp://bdh-rd.bne.es/viewer.vm?id=0000079551&page=1 _zBiblioteca Digital Hispánica |
|
| 999 |
_c163039 _d163039 |
||